|
|
|
|
| LEADER |
00906nam a22002297a 4500 |
| 001 |
38125 |
| 003 |
BD-DhAAL |
| 005 |
20220316123726.0 |
| 008 |
220316r19691961enka b 000 0 eng d |
| 999 |
|
|
|c 43797
|d 43797
|
| 040 |
|
|
|a BD-DhAAL
|
| 082 |
0 |
0 |
|a 355.02184
|
| 100 |
1 |
|
|a Guevara, Che,
|d 1928-1967.
|9 47066
|
| 245 |
1 |
0 |
|a Guerrilla warfare /
|c Che Guevara
|
| 260 |
|
|
|a Harmondsworth, Middlesex, England :
|b Penguin,
|c c1961 [reprinted 1969].
|
| 300 |
|
|
|a 142 pages :
|b illustrations ;
|c 21 cm.
|
| 500 |
|
|
|a Originally published: New York : Monthly Review Press, 1961.
|
| 541 |
|
|
|a Donated By Akbar Ali Khan
|e 38125
|
| 650 |
|
0 |
|a Guerrilla warfare.
|9 47068
|
| 852 |
|
|
|a Ayesha Abed Library
|c Akbar Ali Khan Collection
|
| 942 |
|
|
|2 ddc
|c BK
|
| 952 |
|
|
|0 0
|1 0
|2 ddc
|4 0
|6 355_021840000000000_GUE
|7 1
|9 70163
|a BRACUL
|b BRACUL
|c AAKC
|d 2022-03-16
|e Donated by Akbar Ali Khan
|l 0
|o 355.02184 GUE
|p 3010038125
|r 2022-03-16
|t 1
|w 2022-03-16
|y BK
|